Statistiques concernant ABBA - Thank you for the music - Lyrics

Cliquez ici pour prendre le quiz!

Statistiques générales

  • Ce quiz a été pris 51 fois
  • Le résultat moyen est 229 sur 303

Statistiques - réponses

Réponse% Correct
a
94%
For
94%
for
94%
I
94%
the
94%
thank
91%
music
91%
Thank
91%
thank
91%
you
91%
in
89%
I'm
89%
in
89%
So
89%
so
89%
say
86%
sing
86%
song
86%
All
80%
all
80%
be
80%
when
80%
Who
80%
can
77%
fact
77%
joy
77%
singing
77%
with
77%
bringing
74%
dance
74%
have
74%
live
74%
me
74%
special
74%
to
74%
What
74%
what
74%
Without
74%
without
74%
ask
71%
bore
71%
But
71%
it
71%
life
71%
nothing
71%
of
71%
tell
71%
thing
71%
would
71%
before
69%
bit
69%
giving
69%
honesty
69%
joke
69%
songs
69%
talent
69%
we
69%
heard
66%
is
66%
out
66%
probably
66%
start
66%
Thanks
66%
wonderful
66%
could
63%
everyone
63%
If
63%
loud
63%
or
63%
are
60%
She
60%
want
60%
you've
60%
And
57%
and
57%
says
57%
they're
57%
listens
54%
Mother
54%
talk
54%
Cause
51%
grateful
51%
walk
51%
was
51%
that
49%
dancer
46%
long
46%
proud
46%
everybody
43%
heart
43%
Like
43%
am
40%
been
40%
began
40%
capture
40%
did
40%
melody
40%
fan
37%
chance
34%
girl
34%
golden
34%
hair
34%
I've
34%
wondered
34%
how
31%
Well
31%
found
29%
lucky
29%
often
29%
wanna
29%
whoever
26%

Distribution des résultats

Percentile par nombre de réponses

% des personnes avec chaque résultat

Votre développement - résultats

Vous n’avez pas pris ce quiz